El que ha estat i és Horta / Desideri Díez Quijano
Publicado:
Barcelona :
Desideri Díez Quijano ; amb la col·laboració de Diputació de Barcelona, Ajuntament de Barcelona. Consell Municipal del Districte XIIè, Caixa d'Estalvis de Barcelona ,
1982
Descripción Física:
286 p. : il. ; 24 cm
Materias:
Horta (Barcelona) -- Història
MARC
| LEADER | 00000nam a2200000Ia 4500 | ||
|---|---|---|---|
| 001 | 10739 | ||
| 003 | BGR | ||
| 005 | 20260324175646.0 | ||
| 008 | 160829s1982 xx 000 0 cat d | ||
| 080 | |a H-1-104 | ||
| 100 | |a Díez i Quijano, Desideri |9 37009 | ||
| 245 | |a El que ha estat i és Horta / Desideri Díez Quijano | ||
| 260 | |a Barcelona : |b Desideri Díez Quijano ; amb la col·laboració de Diputació de Barcelona, Ajuntament de Barcelona. Consell Municipal del Districte XIIè, Caixa d'Estalvis de Barcelona, |c 1982 | ||
| 300 | |a 286 p. : |b il. ; |c 24 cm | ||
| 590 | |a Bibliografia, pgs. 281 a 286 | ||
| 650 | |a Horta (Barcelona) |x Història |9 37010 | ||
| 710 | 1 | |a Barcelona (Catalunya : Província). |b Diputació |9 52408 | |
| 710 | 1 | |a Barcelona (Catalunya). |b Ajuntament |9 50981 | |
| 710 | 2 | |a Caixa de Pensions per a la Vellesa i d'Estalvis de Catalunya i Balears |9 54857 | |
| 901 | |a Arxiu | ||
| 942 | |n 1 |2 udc |c MON | ||
| 952 | |0 0 |1 0 |4 0 |6 H1104 |7 1 |9 47603 |a Arxiu |b Arxiu |d 2016-12-01 |l 0 |o H-1-104 |p 10739 |r 2016-12-01 00:00:00 |w 2016-12-01 |y ARXIU | ||
| 999 | |c 51402 |d 51402 | ||